Sparse matrices and their uses based on the proceedings of the IMA numerical analysisi group conference, organised by the institute of mathematics and its applications and held at the university of reading

Enregistré dans:
Détails bibliographiques
Autres auteurs: Duff, Iain
Format: Livre
Langue:anglais
Publié: London Academic Press 1981
Tags: Ajouter un tag
Pas de tags, Soyez le premier à ajouter un tag!

MARC

LEADER 00000nam a2200000 4500
001 c116652
005 20230111124241.9
041 0 |a eng 
044 |a GB 
245 1 0 |a Sparse matrices and their uses  |b based on the proceedings of the IMA numerical analysisi group conference, organised by the institute of mathematics and its applications and held at the university of reading  |c Ed. by Iain Duff 
264 1 |a London  |b Academic Press  |c 1981 
300 |a 387 s. 
700 1 |a Duff, Iain